[Event "London Classic 7th"]
[Site "London"]
[Date "2015.12.08"]
[Round "5"]
[White "Vachier Lagrave, Maxime"]
[Black "Giri, Anish"]
[Result "1/2-1/2"]
[WhiteElo "2765"]
[BlackElo "2778"]
[Annotator "Sagar Shah/CB Website"]
[PlyCount "61"]
[EventDate "2015.12.04"]
[EventType "tourn"]
[EventRounds "9"]
[EventCountry "ENG"]
[EventCategory "22"]
[SourceTitle "CBM 170"]
[Source "ChessBase"]
[SourceDate "2016.01.15"]
[SourceVersion "1"]
[SourceVersionDate "2016.01.15"]
[SourceQuality "1"]

1. e4 e5 2. Nf3 Nc6 3. Bb5 Nf6 4. O-O Nxe4 5. d4 Nd6 6. Bxc6 dxc6 7. dxe5 Nf5
8. Qxd8+ Kxd8 9. h3 Ke8 10. Nc3 h5 11. Bf4 Be7 12. Rad1 Be6 13. Ng5 Rh6 14. g3
{All this has been seen in many games at the top level. Even in the
Carlsen-Anand match from 2014. Here mainly everyone takes on g5 but Kramnik in
his game against Adams had tried a new move 14...Bc4. Giri had an improvement
on Kramnik's play and went for the same line.} Bc4 {.} 15. Rfe1 Rg6 16. Nce4
Rd8 17. Rxd8+ Bxd8 18. b3 Bd5 19. c4 {We are still following Adams-Kramnik.
Here Kramnik took the knight on g5 with ...Bxg5. While watching that game Giri
had a logical doubt in his mind: Why not ...Nd4? Of course he worked on this
move at home and decided that it was not at all bad.} Nd4 $1 $146 (19... Bxg5
20. Nxg5 Be6 {Adams-Kramnik, London 2014.}) 20. cxd5 cxd5 21. Nd6+ {Maxime
goes for the most critical approach.} (21. Kg2 dxe4 22. Nxe4 {is another way
to play although after} Ra6 $11 {Black shouldn't have any problems.}) 21...
cxd6 22. exd6+ Ne6 23. Nf3 Bf6 24. Be3 Kd7 25. Bxa7 Rh6 $1 {Black gets his
rook back into the game via h8.} 26. Rd1 Kxd6 27. Bb8+ Kc6 28. Rc1+ (28. Be5 {
was an option but after} Rh8 29. Bxf6 gxf6 $13 {Both sides have their trumps.
Black's structure is mangled but his pawn on d5 shepherded by the king on c5
would be very strong.}) 28... Kd7 29. Rd1 Kc6 30. Rc1+ Kd7 31. Rd1 {A very
correct game, you could say!} 1/2-1/2

[Event "EU-Cup 16th"]
[Site "Neum"]
[Date "2000.09.25"]
[Round "2.4"]
[White "Luther, Thomas"]
[Black "Sakaev, Konstantin"]
[Result "0-1"]
[WhiteElo "2547"]
[BlackElo "2627"]
[Annotator "Sakaev,K"]
[PlyCount "88"]
[EventDate "2000.09.24"]
[EventType "team-swiss"]
[EventRounds "7"]
[EventCountry "BIH"]
[SourceTitle "CBM 080"]
[Source "ChessBase"]
[SourceDate "2001.01.25"]
[SourceVersion "1"]
[SourceVersionDate "2001.01.25"]
[SourceQuality "1"]
[WhiteTeam "Graz Merkur"]
[BlackTeam "St Petersburg"]
[WhiteTeamCountry "AUT"]
[BlackTeamCountry "RUS"]

1. e4 e5 2. Nf3 Nc6 3. Bb5 Nf6 4. O-O Nxe4 5. d4 Nd6 6. Bxc6 dxc6 7. dxe5 Nf5
8. Qxd8+ Kxd8 9. Nc3 Bd7 10. b3 h6 11. Bb2 b6 12. Rad1 Kc8 13. h3 a5 14. Rd3
$146 Bb4 15. Rfd1 Be6 (15... Bxc3 $2 16. Rxd7 $3 (16. Bxc3 Be6 $11) 16... Bxb2
17. Rxf7 Nd4 18. Nxd4 (18. Rxd4 Bxd4 19. Nxd4 Kb7 $132) 18... Rd8 19. Rxc7+ Kb8
20. Rf7 Bxd4 (20... Rxd4 21. Rxd4 Bxd4 22. e6 $18) 21. e6 Ra7 22. Rxa7 Kxa7 23.
e7 Re8 24. Rxd4 Rxe7 25. f4 $18) 16. g4 $6 (16. Ne2 Ne7 $13) (16. Ne4 Bd5 $11)
16... Ne7 17. Nd4 Bxc3 18. Bxc3 Kb7 $15 19. Be1 (19. Nxe6 $142 fxe6 20. Rd7 Nd5
) 19... Nd5 20. Rf3 g5 $1 $17 21. Nxe6 fxe6 22. c4 Nf4 23. Kh2 h5 (23... Rad8
$5 $17) 24. gxh5 Rxh5 25. Rd7 Rah8 26. Bd2 Rxh3+ 27. Rxh3 Rxh3+ 28. Kg1 Rd3 29.
Rxd3 Nxd3 30. Bxg5 Nxe5 31. Kf1 b5 32. Bd2 Kb6 (32... a4 $17) 33. c5+ $6 (33.
Be3+ Kb7 34. Bd2 $17) 33... Kxc5 34. Bxa5 Kd6 35. Ke2 c5 36. Bd2 b4 37. Bf4 Kd5
38. Ke3 c4 $2 (38... c6 39. Bxe5 Kxe5 40. Kd3 Kd5 41. f4 (41. f3 e5 42. Ke3 Ke6
43. Ke4 Kf6 $19) 41... e5 42. fxe5 (42. f5 e4+ 43. Ke3 Ke5 44. f6 Kxf6 45. Kxe4
Ke6 46. Ke3 Kd5 47. Kd3 c4+ $1 48. bxc4+ Kc5 49. Kd2 Kxc4 50. Kc2 c5 $19) 42...
Kxe5 43. Kc4 (43. Ke3 Kd5 44. Kd3 c4+ $1 $19) 43... Kd6 44. Kd3 Kd5 $19) 39.
Bxe5 cxb3 (39... Kxe5 40. bxc4 c5 (40... Kf5 41. Kd4 Kf4 42. Kc5 $11) 41. f4+
Kf5 42. Kf3 $11) 40. Ba1 $2 (40. f4 bxa2 41. Kd3 c5 42. Kc2 c4 43. Kb2 c3+ (
43... b3 44. Kc1 Ke4 45. Kd2 Kf3 46. Bb2 Kxf4 47. Kc3 $11) 44. Kxa2 Kc4 45. Kb1
Kd3 46. Bd6 b3 47. Bb4 Kd4 48. Ba5 Kc4 49. Bc7 Kd3 50. Ba5 b2 51. Bb4 Kc4 52.
Ba3 Kb3 53. Bxb2 cxb2 54. f5 $11) 40... bxa2 41. Kd3 c5 42. f3 c4+ 43. Kc2 e5
44. Kb2 c3+ (44... c3+ 45. Kxa2 Kc4 $19) 0-1

[Event "Tatran Cup"]
[Site "Stary Smokovec"]
[Date "1990.??.??"]
[Round "4"]
[White "Horvath, Jozsef"]
[Black "Knezevic, Milorad"]
[Result "1/2-1/2"]
[WhiteElo "2540"]
[BlackElo "2445"]
[Annotator "Schussler,H"]
[PlyCount "69"]
[EventDate "1990.??.??"]
[EventType "tourn"]
[EventRounds "11"]
[EventCountry "CSR"]
[EventCategory "10"]
[SourceTitle "CBM 021"]
[Source "ChessBase"]
[SourceDate "1991.04.01"]
[SourceVersion "1"]
[SourceVersionDate "1991.04.01"]
[SourceQuality "1"]

1. e4 e5 2. Nf3 Nc6 3. Bb5 Nf6 4. O-O Nxe4 5. d4 Be7 6. Qe2 Nd6 7. Bxc6 bxc6 8.
dxe5 Nb7 9. Nc3 O-O 10. Re1 Nc5 11. Be3 Ne6 12. Rad1 d5 13. exd6 cxd6 14. Nd4
Nxd4 $5 (14... Bd7 15. Nf5 d5 16. Nxe7+ Qxe7 17. Na4 $14 {Shamkovic-Lein,
Soviet Union 1969/70.}) 15. Bxd4 Be6 16. Qf3 Qd7 17. Qg3 f6 18. Bc5 Rfd8 19. h3
Bf7 20. Ne4 d5 21. Bxe7 Qxe7 22. Ng5 Qd7 23. Nxf7 Qxf7 24. Rd3 Re8 25. Rde3 Qd7
26. Kf1 c5 27. b3 a5 28. Rxe8+ Rxe8 29. Rxe8+ Qxe8 30. Qd6 Qb5+ 31. Kg1 d4 32.
Qd5+ Kf8 33. Qd6+ Kf7 34. Qd5+ Kf8 35. Qd6+ 1/2-1/2

[Event "WchT 2nd"]
[Site "Luzern"]
[Date "1989.??.??"]
[Round "3.2"]
[White "Chandler, Murray G"]
[Black "Brunner, Lucas"]
[Result "1/2-1/2"]
[WhiteElo "2585"]
[BlackElo "2505"]
[Annotator "Schussler,H"]
[PlyCount "114"]
[EventDate "1989.10.27"]
[EventType "team-tourn"]
[EventRounds "9"]
[EventCountry "SUI"]
[SourceTitle "CBM 016"]
[Source "ChessBase"]
[SourceDate "1990.06.01"]
[SourceVersion "1"]
[SourceVersionDate "1990.06.01"]
[SourceQuality "1"]
[WhiteTeam "England"]
[BlackTeam "Switzerland"]
[WhiteTeamCountry "ENG"]
[BlackTeamCountry "SUI"]

1. e4 e5 2. Nf3 Nc6 3. Bb5 Nf6 4. O-O Nxe4 5. d4 Nd6 6. dxe5 Nxb5 7. a4 d6 (
7... Nbd4 8. Nxd4 Nxd4 9. Qxd4 d5 10. Nc3 c6 11. a5 Bf5 12. f4 Qd7 $5 $10 {
Nunn-Salov, Haifa 1989.}) 8. e6 $1 fxe6 9. axb5 Ne7 10. Nc3 Ng6 11. Qd4 $1 {
This move is more testing than the old move 11. Ng5.} Qf6 $6 12. Qc4 $1 Qd8 13.
Ng5 $16 Ne5 14. Qe4 Qe7 15. Be3 {15. Nxh7!?} h6 16. Nh3 Qf7 17. b6 cxb6 18.
Bxb6 Bd7 19. Qxb7 $14 {19. f4!?} Bc6 20. Qxf7+ Kxf7 21. Bxa7 Be7 22. Nf4 Rhc8
23. Nfe2 Rc7 24. Bd4 Ng6 25. Rxa8 Bxa8 26. Ra1 Bc6 27. Ra7 Rxa7 28. Bxa7 Nh4
29. f3 e5 30. Ne4 g5 31. c4 g4 32. Kf2 gxf3 33. gxf3 d5 34. cxd5 Bxd5 35. N2g3
Kg6 36. Bb8 Bf6 37. b4 Bc6 38. Nxf6 Kxf6 39. Ne4+ Ke6 40. Nd2 Kd5 41. Ba7 Nf5
42. Bc5 h5 43. Kg2 Bb7 44. Kf2 Bc6 45. Ne4 Kc4 46. Nf6 Nh4 47. f4 Ng6 48. Nxh5
Nxf4 49. Nxf4 exf4 50. Bd6 f3 51. Ke3 Kd5 52. Bg3 Ke6 53. Kf4 Kd5 54. h4 Kc4
55. h5 Be8 56. h6 Bg6 57. Be1 f2 1/2-1/2

[Event "Tilburg"]
[Site "Tilburg"]
[Date "1990.09.17"]
[Round "9"]
[White "Timman, Jan H"]
[Black "Gelfand, Boris"]
[Result "1/2-1/2"]
[WhiteElo "2660"]
[BlackElo "2680"]
[Annotator "Schussler,H"]
[PlyCount "132"]
[EventDate "1990.09.??"]
[EventType "tourn"]
[EventRounds "14"]
[EventCountry "NED"]
[EventCategory "16"]
[SourceTitle "CBM 020"]
[Source "ChessBase"]
[SourceDate "1991.02.01"]
[SourceVersion "1"]
[SourceVersionDate "1991.02.01"]
[SourceQuality "1"]

1. e4 e5 2. Nf3 Nc6 3. Bb5 Nf6 4. O-O Nxe4 5. d4 Nd6 6. Bxc6 dxc6 7. dxe5 Nf5
8. Qxd8+ Kxd8 9. Nc3 Be6 10. b3 Bb4 11. Bb2 Bxc3 12. Bxc3 Bd5 13. Rad1 Ke7 14.
Bb4+ Ke8 15. Nd4 Nxd4 16. Rxd4 a5 17. Bd2 $14 Be6 18. Ra4 b6 19. b4 Rd8 20. Bg5
Rd4 21. c3 Rc4 22. Ra3 Kd7 23. bxa5 bxa5 24. Rxa5 Rxc3 25. Rb1 c5 26. h3 c4 27.
Rbb5 Rd3 28. a4 Rb3 29. Rc5 Rhb8 30. Ra7 R8b7 31. Ra8 Rb8 32. Ra7 R3b7 33. Ra6
Rb6 34. Raa5 c6 35. Ra7+ R6b7 36. Rca5 Bd5 37. Be3 Ke6 38. R7a6 Kf5 39. Rc5 Rb4
40. Ra7 Ke4 41. e6 fxe6 42. Rxg7 Rxa4 43. Rxh7 Kd3 44. Rg7 Rb5 45. Rg3 Kc2 46.
Rg4 Kb3 47. h4 Rxc5 (47... Raa5 $5 48. h5 Rxc5 49. Bxc5 Rxc5 50. h6 c3 $19) 48.
Bxc5 c3 49. Rxa4 Kxa4 50. h5 c2 51. Be3 Kb3 52. f3 e5 53. Kf2 Kb2 54. g4 Bf7
55. Kg3 c1=Q 56. Bxc1+ Kxc1 57. Kh4 c5 58. g5 c4 59. g6 Be8 60. Kg5 c3 61. Kf6
Ba4 62. h6 c2 63. h7 Kb2 64. h8=Q c1=Q 65. Qb8+ Bb3 66. Qxe5+ Ka2 {2.58-3.18}
1/2-1/2

[Event "Dortmund op-A"]
[Site "Dortmund"]
[Date "1992.??.??"]
[Round "4"]
[White "Lutz, Christopher"]
[Black "Keitlinghaus, Ludger"]
[Result "1/2-1/2"]
[WhiteElo "2540"]
[BlackElo "2440"]
[Annotator "Schussler,H"]
[PlyCount "65"]
[EventDate "1992.04.??"]
[EventType "swiss"]
[EventRounds "11"]
[EventCountry "GER"]
[SourceTitle "CBM 029"]
[Source "ChessBase"]
[SourceDate "1992.08.01"]
[SourceVersion "1"]
[SourceVersionDate "1992.08.01"]
[SourceQuality "1"]

1. e4 e5 2. Nf3 Nc6 3. Bb5 Nf6 4. O-O Nxe4 5. d4 Be7 6. Qe2 Nd6 7. Bxc6 bxc6 8.
dxe5 Nf5 9. Qe4 g6 10. Nd4 Nxd4 11. Qxd4 d5 $5 {New.} (11... O-O 12. Bh6 Re8
13. Nc3 c5 14. Qd2 d6 $14 {Gligoric-Trifunovic, Budapest 1948}) 12. exd6 O-O
13. Bh6 Bf6 14. Qb4 Re8 15. dxc7 Qxc7 16. Nc3 Bf5 17. Rac1 Qb6 $6 (17... Rab8
18. Qa3 {18.Qc4 Be6, 18.Qc5 Re5} Be7 $13 {18. - Qe7!?}) 18. Qa3 Rab8 19. Na4
Qd4 20. Be3 $14 Qh4 21. Bxa7 Rb7 22. Rfe1 $6 {22.Be3} Ra8 23. Bc5 Bxb2 24. Nxb2
Rxa3 25. Re8+ Kg7 26. Bf8+ Kf6 27. Bxa3 Qd4 28. Nd1 Bxc2 29. Ne3 Rb1 $10 30.
Rxb1 Bxb1 31. Be7+ Kg7 32. Bf8+ Kf6 33. Be7+ 1/2-1/2

[Event "World Women-ch"]
[Site "Manila"]
[Date "1991.??.??"]
[Round "1"]
[White "Xie, Jun"]
[Black "Chiburdanidze, Maia"]
[Result "1/2-1/2"]
[WhiteElo "2465"]
[BlackElo "2495"]
[Annotator "Schussler,H"]
[PlyCount "81"]
[EventDate "1991.09.??"]
[EventType "match"]
[EventRounds "16"]
[EventCountry "PHI"]
[SourceTitle "CBM 026"]
[Source "ChessBase"]
[SourceDate "1992.02.01"]
[SourceVersion "1"]
[SourceVersionDate "1992.02.01"]
[SourceQuality "1"]

1. e4 e5 2. Nf3 Nc6 3. Bb5 Nf6 4. O-O Nxe4 5. d4 Nd6 6. Bxc6 dxc6 7. dxe5 Nf5 {
Gegen die gute Taktikerin Xie Jun hat Chiburdanidze eine Eröffnung vorbereitet,
mit deren Hilfe sie von der Eröffnung direkt ins Endspiel kommt. -> Polgar,
J-Dautov,R/Brno/1991/0-1/ CBM 26} 8. Qxd8+ Kxd8 9. b3 (9. Nc3 Be6 10. b3 Bb4
11. Bb2 Bxc3 12. Bxc3 Bd5 13. Rad1 Ke7 14. Bb4+ Ke8 15. Nd4 Nxd4 16. Rxd4 a5
$10 {Timman,J-Gelfand,B/tilburg/1990/1/2-1/2/66/}) 9... Ke8 (9... h6) (9... a5
$5 {Dautov}) 10. Bb2 (10. c4 a5 $1 11. Nc3 Bb4 12. Bb2 Bxc3 13. Bxc3 a4 $10 {
Ambroz}) 10... a5 11. Nc3 Be6 12. Rfd1 Be7 13. h3 h5 14. a4 f6 15. Ne2 Bd5 16.
Ne1 Kf7 17. Nf4 Rad8 18. c4 Be6 19. Nf3 Bc8 (19... Rxd1+ 20. Rxd1 g5 $2 21.
exf6 Bxf6 22. Nxg5+ $1 Bxg5 23. Nxe6 $18) 20. Re1 $5 g5 21. e6+ $6 {Der Bauer
kann schwach werden} Ke8 22. Ng6 Rg8 23. Nxe7 Kxe7 24. g4 (24. Re2 Rd3 (24...
g4 25. hxg4 Rxg4)) 24... hxg4 25. hxg4 Ng7 (25... Rd3 26. Ne5 $1 (26. Kg2 Nh4+
27. Nxh4 gxh4 $17) (26. gxf5 Rxf3 $17) 26... Rxb3 27. gxf5 (27. Ba3+ Rxa3 28.
Rxa3 Nd4) 27... Rxb2) 26. Nd4 c5 27. Nf5+ Nxf5 (27... Ke8 28. Nxg7+ Rxg7 29.
Bxf6) 28. gxf5 $13 {Der Bauer e6 ist stark, aber nicht der Bauer f5. Ausserdem
droht Weiss in der h-Linie Gefahr.} Rh8 29. Kg2 b6 30. Rad1 Rdg8 31. Kg3 Rh4
32. Rh1 Rgh8 33. Rxh4 gxh4+ (33... Rxh4 $5 {/\ 34...Rf4} 34. Rd3 Rf4 (34... Rh1
35. Kg4 Rb1 36. Bc3) 35. Rf3) 34. Kh3 Rh5 35. Rd5 $1 (35. Kg4 Rg5+ 36. Kf4 h3
37. Rh1 Rg2 $17) 35... c6 36. Bxf6+ $1 Kxf6 37. Rd8 Rxf5 (37... Bb7 38. Rf8+
Ke7 39. Rf7+ Ke8 40. Rxb7 Rxf5 41. Rxb6) (37... Bxe6 38. fxe6 Kxe6 39. Rb8) 38.
Rxc8 Rf3+ 39. Kxh4 Rxb3 40. Rxc6 Rb4 41. Kg3 (41. Kg3 Rxc4 (41... Rxa4 $10) 42.
f4 Re4 $1 $10) 1/2-1/2

[Event "Leon"]
[Site "Leon"]
[Date "1990.??.??"]
[Round "10"]
[White "Magem Badals, Jordi"]
[Black "Sanz Alonso, Francisco Javier"]
[Result "1/2-1/2"]
[WhiteElo "2460"]
[BlackElo "2450"]
[Annotator "Schussler,H"]
[PlyCount "49"]
[EventDate "1990.06.??"]
[EventType "tourn"]
[EventRounds "11"]
[EventCountry "ESP"]
[EventCategory "9"]
[SourceTitle "CBM 020"]
[Source "ChessBase"]
[SourceDate "1991.02.01"]
[SourceVersion "1"]
[SourceVersionDate "1991.02.01"]
[SourceQuality "1"]

1. e4 e5 2. Nf3 Nc6 3. Bb5 Nf6 4. O-O Nxe4 5. d4 Be7 6. Qe2 Nd6 7. Bxc6 bxc6 8.
dxe5 Nb7 9. Nc3 O-O 10. Re1 Re8 11. Qc4 Nc5 12. Bg5 Bxg5 13. Nxg5 Qxg5 14. Qxc5
Qe7 15. Qxe7 Rxe7 16. f4 Rb8 17. b3 Rb4 18. g3 Rd4 19. Rad1 Rxd1 20. Rxd1 f6
21. exf6 gxf6 22. Kf2 d6 23. Rd2 Kf7 24. Nd1 c5 25. Ne3 $14 1/2-1/2

[Event "FIDE World Cup"]
[Site "Baku"]
[Date "2015.09.15"]
[Round "2.2"]
[White "Sethuraman, SP."]
[Black "Harikrishna, Pentala"]
[Result "1-0"]
[WhiteElo "2640"]
[BlackElo "2737"]
[Annotator "Sethuraman,SP"]
[PlyCount "91"]
[EventDate "2015.09.11"]
[EventType "k.o."]
[EventRounds "7"]
[EventCountry "AZE"]
[SourceTitle "CBM 169"]
[Source "ChessBase"]
[SourceDate "2015.11.10"]
[SourceVersion "1"]
[SourceVersionDate "2015.11.10"]
[SourceQuality "1"]

{After holding a tough and long duel in the first game with the black pieces
which lasted almost 74 moves, I had a tough choice of what to do against "the
Berlin Wall" as do most people nowadays :)} 1. e4 e5 2. Nf3 Nc6 3. Bb5 Nf6 {
The rock solid Berlin Wall has been the top choice of most of the players in
the World Cup including myself as I played it with both colours in my mini
match against Sjugirov and here as well. Surprisingly I won both the crucial
games in the Berlin in this World Cup. Perhaps a good sign!?} 4. O-O Nxe4 5. d4
Nd6 6. Bxc6 {Entering into the theoretical endgame which surprised my opponent
to some extent since I had always preferred to play 4.d3 avoiding the endgame
in my previous games facing the Berlin.} dxc6 7. dxe5 Nf5 8. Qxd8+ Kxd8 9. h3 {
If you need to get inspiration as to how to play this endgame and hope to get
something out of the opening there is one player whom you can follow in recent
years (ie) the contribution of GM Caruana and his second Mr Chuchelov to this
opening is phenomenal these days. They have demonstrated many interesting
ideas and plans for both sides. Even the World Champion Magnus Carlsen had
tough time facing it against Caruana in their recent encounters.} b6 {After
quite a long thought my opponent refrained from the usual sytem he always
plays with 9...Bd7 and 10...Be7.} (9... Bd7 10. Rd1 Be7 11. g4 Nh4 12. Nxh4
Bxh4 {is the recent trend nowadays.}) 10. Rd1+ (10. Nc3 Ke8 11. Rd1 {more or
less comes to the same position} (11. Bf4 Bb4 $1)) 10... Ke8 11. Nc3 h6 $6 {
A rare occurrence of moves 9...b6 and ...h6 together although I didn't exploit
it in the right way. Usually Black prefers to develop his bishop immediately
to b7 as in the games of Grischuk-Andreikin 2014 and Polgar-Carlsen 2010. Or
if he goes 9...h6 instead of 9...b6 he carries out the plan with ...Ne7. In
either way it is unusual to see the combination of both ...b6 and ...h6 moves
back to back.} (11... Bb7 12. Bf4 Bb4 (12... Rc8)) 12. b3 {I was confused in
the game where to develop my bishop - to b2 or f4. Perhaps considering the
dubious play of Black in the opening it was stronger to develop the bishop on
f4 with the idea of e5-e6 sometimes rather than the slow 12.b3-Bb2.} (12. Bf4
Be7 (12... Bb7 13. e6 $5 (13. g4 Ne7 14. Nd4)) 13. g4 Nh4 14. Nxh4 Bxh4 15. Kg2
Be7 16. f3 Be6 17. Ne2 Bc4 18. Nd4 c5 19. Nf5 $14 {1-0 (41) Volokitin,A (2627)
-Postny,E (2654) Austria 2014}) 12... Bb7 13. Bb2 Rd8 14. Rxd8+ $2 {Giving
easy play for Black to develop his pieces comfortably.} ({Here there are lots
of interesting ideas for White other than what I played in the game:} 14. g4
Ne7 15. e6 (15. Kh2 Ng6 16. Kg3 Be7 17. h4 h5) (15. Nd4 h5 $1) (15. Ne2 c5 16.
Ne1 h5) 15... f6 (15... fxe6 16. Ne5 (16. Rxd8+ Kxd8 17. Ne5 Rg8 18. Rd1+ Kc8
19. Ne2) 16... Rxd1+ 17. Rxd1 Nd5 18. Ne2 Bd6 19. c4 Ne7 20. Nf4) 16. Nd4 {
Now the difference is his king is stuck on e8}) (14. Ne2 c5 15. Ne1) 14... Kxd8
15. Rd1+ (15. g4 Ne7 16. e6 f6 $1 {I was worried about this idea with ...f6
whenever White attempts to carry out an agressive e6 since in the longer run
the white pawn on e6 could be a weakness.}) 15... Kc8 16. g4 (16. Ne4 Be7 17.
c4 c5 18. Nc3 Rd8 {and Black is totally fine} 19. Nd5 Bxd5 20. cxd5 Bf8 {
[%csl Rd5][%cal Gf5e7]}) (16. Ne2 Be7 17. Nf4 c5 18. Ne1 (18. c4 Bxf3 19. gxf3
Nh4) 18... Rd8) 16... Ne7 (16... c5 17. gxf5 Bxf3 18. Rd3 Bc6 19. Nd5 Bd7 20.
Rf3 {[%csl Ge5,Gf5]}) 17. Kh2 (17. e6 f6) 17... Ng6 18. Kg3 Be7 {This is the
problem in the Berlin. Once Black gets his pieces coordinated, his two bishops
begin to make their voices heard.} 19. Ne4 (19. h4 h5 20. gxh5 Rxh5 21. Kg4 Rh8
22. h5 Nf8 $15) 19... c5 20. Re1 h5 $6 {I was bit relieved after this move
since now my knights find the appropriate squares to tie the black pieces to
defence.} ({I was more worried about} 20... Rd8 21. h4 Nf8 $15 {[%cal Gf8e6]
and Black has clear ideas whereas it was very unpleasant for White to make
moves since any advance of his pawns on the kingside would only weaken his own
side.}) 21. Nfg5 h4+ 22. Kh2 Rf8 23. f3 {From a general point of view it looks
like the white pieces are tied up but in fact it is Black whose pieces are
kept in defence of the f7-pawn and it is hard to touch the two knights on e4
and g5.} Bc6 24. Kg1 $1 {Co-ordinating all my pieces.} Nf4 $6 (24... a5 {
was necessary} 25. Kf2 Nf4 26. Bc1 Nd5 27. a3 f5 28. exf6 Nxf6) 25. Bc1 Nd5 (
25... Ne6 26. Nxe6 fxe6 27. Bg5 Kd7 28. Bxe7 Kxe7 29. Ng5 Rd8 30. Kf2 Rd2+ 31.
Re2) 26. a3 $1 {[%csl Rd5]} f5 27. exf6 Nxf6 28. Ne6 (28. Ng3 $1 $16) 28... Rg8
29. N4g5 Bd6 30. Bf4 {Getting rid of the two bishops.} a5 31. Bxd6 cxd6 {
From here on we were in mutual time trouble.} 32. Nf4 a4 33. Nf7 (33. Ng6 $1 {
Its just nice to see the knight jumps all over the place.}) 33... axb3 34. cxb3
Kd7 $2 (34... Nd5 {It was difficult to find this only defence with less time}
35. Nxd6+ Kc7 36. Nb5+) (34... g5 35. Nh5) 35. Rd1 d5 36. g5 Nh7 37. Nxd5 Ke6
38. g6 Nf6 39. Nxf6 gxf6 40. Nd8+ {Finally the knight has reached its
destination :)} Kf5 41. Nxc6 Rxg6+ 42. Kf2 Rg3 43. Ne7+ Kf4 44. Nd5+ Ke5 45.
Rd3 b5 46. Nc3 {My opponent resigned here. I was very happy to have won this
mini match allowing me to advance further and also letting me demonstrate the
power of the knights :)} 1-0